1831 1014 1723 1868 1365 1369 1984 1799 1301 1760 1168 1238 1615 1504 1056 1226 1905 1205 1145 1840 1062 1741 1458 1970 1798 1840 1841 1341 1986 1657 1583 1930 1124 1115 1207 1781 1163 1316 1059 1379 1014 1824 1297 1310 1008 1325 1851 1079 1389 1244 1149 1867 1547 1933 1468 1464 1531 1338 1452 1110 1616 1052 1690 1441 1327 1676 1711 1789 1726 1864 1032 1677 1615 1391 1664 1527 1937 1746 1713 1706 1873 1516 1925 1841 1025 1845 1032 1622 1537 1714 1514 1480 1821 1076 1412 1573 1163 1868 1394 BCNSPRNW ULIB Ver.6.0+V

เปลี่ยนเป็นภาษาไทย

Change to English
 แสดงรายละเอียดบรรณานุกรม
  กลับหน้าหลัก

Brief Record : Get Marc (ISO 2709) : E-mail record : QR code < ปิดหน้าต่าง
LEADER : 00000nam 2200000uu 4500
001    13399113923
003     ULIB
008    120113s2554||||th 000 0 tha d
020    ^a9789740327363
050  4 ^aPL4167^bจ118ก
100 0  ^aจงจิต (กล้วยไม้) นิมมานนรเทพ
245 10 ^aกาพย์ช่วยจำคำที่มักใช้ผิด /^cจงจิต (กล้วยไม้) นิมมานนรเทพ
246 30 ^aคำที่มักใช้ผิด
250    ^aพิมพ์ครั้งที่ 2
260    ^aกรุงเทพฯ :^bสำนักพิมพ์แห่งจุฬาลงกรณ์มหาวิทยาลัย,^c2554
300    ^a99 หน้า :^bภาพประกอบ ;^c22 ซม.
650  4 ^aภาษาไทย^xการใช้ภาษา
650  4 ^aภาษาไทย^xตัวสะกด
650  4 ^aภาษาไทย^xคำศัพท์
945    ^p0^l0^i18652
995    ^aเกษร
999    ^aใช้งานได้ทุกระบบ
รายการนี้ยังไม่มีแท็ก
คุณยังไม่ได้ล็อกอิน คุณสามารถมีกิจกรรมร่วมกับเว็บไซต์ได้ แต่ต้องล็อกอินก่อน ::
  ล็อกอิน

รายการสื่อสารสนเทศ

ลำดับที่ ประเภท เลขเรียก/บาร์โค้ด สถานที่ สถานะ
- ไม่พบข้อมูล -

รายการใกล้เคียง
    ผู้แต่ง [จงจิต (กล้วยไม้) นิมมานนรเทพ]

BibComment


ยังไม่เคยถูกคอมเมนท์

คอมเมนท์ทรัพยากรรายการนี้
  คอมเมนท์: กาพย์ช่วยจำคำที่..


 Copyright 2026. Bcnsprnw @Library